Miscellaneous Names 7-to-1 Quiz Stats

 Plays Quiz Updated Mar 24, 2020

Support Sporcle.
Go Orange.
Score 0/28 Timer 05:00
2 Plays Today
% Correct
Bart
95.4%
Homer
95.2%
Marge
94.9%
Jude
94.9%
Lisa
94.6%
Romeo
94.1%
Rose
90.7%
Georgia
90.7%
Jordan
90%
Serena
89.9%
Julius
88.6%
Roger
82.9%
Antony
81.4%
Richard
76.9%
% Correct
Rita
76.5%
Henry
76.3%
Novak
75.9%
Michelle
75.6%
Prudence
71.4%
Sadie
70.8%
Abe
70%
Pericles
69.3%
Julia
64.3%
Helen
57.1%
Jacinda
56.7%
Pam
54.1%
Petra
48%
Jenny
41.3%

From the Vault

Team Fortress 2 Classes

by azzaa

Gaming 60s
Team Fortress 2 is the classiest game we can think of.
Remove Ads.
Support Sporcle.
Get the best of Sporcle when you Go Orange. This ad-free experience offers more features, more stats, and more fun while also helping to support Sporcle. Thank you for becoming a member.

Show Comments

Extras

Top Quizzes Today


Score Distribution

Your Account Isn't Verified!

In order to create a playlist on Sporcle, you need to verify the email address you used during registration. Go to your Sporcle Settings to finish the process.

Report this User

Report this user for behavior that violates our Community Guidelines.

Details: